| 000 | 01180nam a2200277 a 4500 | ||
|---|---|---|---|
| 001 | 000021625 | ||
| 005 | 20240410073846.0 | ||
| 008 | 100909s1986 dr a 000 0 spa d | ||
| 040 |
_aDO-SdBNP _bspa _cBNPHU |
||
| 082 |
_a972.9304 _bA473d |
||
| 100 | 1 |
_aÁlvarez López, Luis _944998 |
|
| 245 | 1 | 0 |
_aDominación colonial y guerra popular 1861-1865 : _b(la anexión y la restauración en la historia dominicana) / _cLuis Álvarez. |
| 260 |
_aSanto Domingo : _bUASD, _c1986. |
||
| 300 |
_a203 p. : _bgraf. ; _c21 cm. |
||
| 490 | 1 |
_aPublicaciones de la Universidad Autónoma de Santo Domingo ; _v543 |
|
| 490 | 1 |
_aHistoria y sociedad ; _v72 |
|
| 500 | _aIncluye notas al pie de páginas. | ||
| 500 | _aIncluye datos biográficos del autor en la contracubierta. | ||
| 504 | _aBibliografias : p. 187-193 | ||
| 651 | 4 |
_aRepública Dominicana _xHistoria _yANEXIÓN A ESPAÑA 1861-1865 _9139 |
|
| 651 | 4 |
_aRepública Dominicana _zRestauración 1863-1865 _944999 |
|
| 651 | 0 |
_aRepública Dominicana -- _xHistoria -- _y1844-1930 _91009 |
|
| 830 | 0 |
_aPublicaciones de la Universidad Autónoma de Santo Domingo ; _n543 _945000 |
|
| 830 | 0 |
_aHistoria y sociedad ; _n72 _945001 |
|
| 049 | _aBNPD | ||
| 999 |
_c21124 _d21124 |
||